000 00421nam a22001697a 4500
005 20160513111521.0
008 160513b xxu||||| |||| 00| 0 eng d
020 _a81-203-2124-3
041 _aeng
082 _b1859
100 _aBarry Render Ralph M. Staiz. Jr.
_9548
245 _aQuantitative analysis for management
260 _aNew Delhi
_bPHI,
_c2002
300 _a433
650 _aManagement
_9241
942 _cBK
999 _c715
_d715